00362nam a2200157Ia 4500008004100000020001500041082001600056100001300072245002200085250000900107260002200116300001300138500002400151650001200175700001700187230524s9999 xx 000 0 und d a0333933290 a530.12bGHA aA.Ghatak 0aQuantum Mechanics a14TH bMac. Millonc2003 aXXIV;678 aQuantity Number: 5 aPhysics a S.Loknathan